000
00263nam a22001217a 4500
020
_a
001
082
_a
001
_b
LEA/L
245
_a
THE LUNGS AND THE RESPIRATORY SYSTEM
260
_a
NEW DELHI
_b
LEARNERS PRESS
300
_a
31
650
_a
GK
_z
NEW DELHI
942
_c
BK
999
_c
6267
_d
6267